Guess the random Taylor Swift Song Lyrics 100 - Statistics

General Stats
  • This quiz has been taken 36 times
  • The average score is 201 of 302
Answer Stats
Answer % Correct
a
100%
I
100%
You
100%
you
100%
The
95%
the
95%
to
95%
And
90%
and
90%
Do
90%
me
90%
my
90%
My
90%
this
90%
When
90%
your
90%
in
86%
In
86%
it
86%
know
86%
want
86%
who
86%
all
81%
am
81%
But
81%
can't
81%
don't
81%
if
81%
so
81%
too
81%
you're
81%
for
76%
For
76%
hear
76%
of
76%
our
76%
Then
76%
How
71%
just
71%
some
71%
That
71%
up
71%
was
71%
Was
71%
never
67%
Now
67%
Were
67%
with
67%
'Cause
62%
did
62%
it's
62%
off
62%
miss
57%
young
57%
as
52%
Black
52%
called
52%
die
52%
Dog
52%
heart
52%
Into
52%
jump
52%
man
52%
Old
52%
old
52%
play
52%
she's
52%
song
52%
understand
52%
until
52%
Until
52%
watch
52%
bar
48%
come
48%
Even
48%
habits
48%
him
48%
hits
48%
mean
48%
recent
48%
said
48%
screaming
48%
someone
48%
Starting
48%
still
48%
those
48%
walk
48%
believe
43%
between
43%
dreaming
43%
forgot
43%
fun
43%
hate
43%
intertwined
43%
Line
43%
location
43%
magic
43%
needed
43%
new
43%
plays
43%
rain
43%
remember
43%
secrets
43%
shitty
43%
shower
43%
stay
43%
turn
43%
air
38%
believed
38%
best
38%
body
38%
breathing
38%
clean
38%
clothes
38%
demons
38%
esoteric
38%
events
38%
fabric
38%
fire
38%
holes
38%
hope
38%
house
38%
joke
38%
kills
38%
legs
38%
making
38%
pierce
38%
sell
38%
set
38%
shaking
38%
shared
38%
Six
38%
smoke
38%
soaked
38%
tail
38%
weeks
38%
world
38%
exorcise
33%
hire
33%
laid
33%
may
33%
plans
33%
priest
33%
through
33%
tragic
33%
way
33%
brave
29%
cruel
29%
heartbroken
29%
leaving
29%
move
29%
pledged
29%
unspoken
29%
fraternity
24%
hazing
24%
longings
24%
open
24%
proceeded
24%
No matching quizzes found
Score Distribution
Percent of People with Each Score
Percentile by Number Answered
Your Score History
You have not taken this quiz